The science of wealth : an elementary textbook of economics

Bibliographic Details
Main Author: Carter, C. F.
Format: Book
Published: London : Edward Arnold , 1973
Subjects:

MARC

LEADER 00000cam a2200000 7i4500
001 0000009445
005 20160921.0
020 |a 0713157119 
040 |a INS 
090 0 0 |a HB171.5   |b C37 1973 
100 1 |a Carter, C. F. 
245 1 4 |a The science of wealth :   |b an elementary textbook of economics   |c C. F. Carter 
260 |a London :   |b Edward Arnold ,   |c 1973 
300 |a 213p ;   |c 22cm. 
650 0 0 |a Economics 
999 |a 0000021809   |b BOOK   |c Open Shelf   |e Default branch